|
|
|
|
| LEADER |
01246nam a22003018a 4500 |
| 001 |
00040165 |
| 005 |
20171115161101.0 |
| 008 |
171115s########-vm#################vie|d |
| 020 |
# |
# |
|a 978-604-58-5661-1
|c 30000
|
| 041 |
0 |
# |
|a vie
|
| 082 |
1 |
4 |
|a 160
|b C120N
|
| 245 |
1 |
0 |
|a Cẩm nang tư duy đạo đức
|b Dựa trên các khái niệm và công cụ tư duy phản biện
|c Richard Paul, Linda Elder ; Hoàng Nguyễn Đăng Sơn (chuyển ngữ),... [và những người khác]
|
| 260 |
# |
# |
|b Tổng hợp T.P. Hồ Chí Minh
|a T.P. Hồ Chí Minh
|c 2016
|
| 300 |
# |
# |
|a 84 tr.
|c 22 cm.
|
| 500 |
# |
# |
|a Nguyên bản : The Thinker's guide to understanding the foundations of ethical reasoning
|
| 653 |
# |
# |
|a Phán xét
|
| 653 |
# |
# |
|a Phản biện
|
| 653 |
# |
# |
|a Đạo đức học
|
| 653 |
# |
# |
|a Tư tưởng
|
| 653 |
# |
# |
|a Tư duy
|
| 700 |
1 |
# |
|a Bùi, Văn Nam Sơn
|e Hiệu đính
|
| 700 |
1 |
# |
|a Elder, Linda
|
| 700 |
1 |
# |
|a Paul, Richard
|
| 700 |
1 |
# |
|a Hoàng, Nguyễn Đăng Sơn
|e Chuyển ngữ
|
| 852 |
# |
# |
|j KD.0020384
|j KM.0021413
|j KM.0021414
|
| 910 |
# |
# |
|b ltkchi
|d 15/11/2017
|
| 980 |
# |
# |
|a Trung tâm Học liệu Lê Vũ Hùng, Trường Đại học Đồng Tháp
|